Szczegóły MARC21

Polityka gospodarcza : istota i założenia metodyczne /

003 -Nazwa inst., której nr kontr. jest w polu 001 [,]
    • @
    • Nazwa instytucji, której n kontrolny jest w polu 001
    • NUKAT
005 -DATA I CZAS OSTATNIEJ MODYFIKACJI [,]
    • @
    • pole kontrolne
    • 20241231112616.0
020 -Międzynarod. znormalizowany nr książki - ISBN [ , ]
    • a
    • Numer ISBN
    • 838734155X Find
040 -Instytucja sporządzająca opis [ , ]
    • a
    • Instytucja, która sporządziła opis (NP)
    • Ł U/BM
    • c
    • Instytucja, która sporządziła rekord (NP)
    • Ł U/BM
    • d
    • Instytucja, która zmodyfikowała rekord (P)
    • Ł U/GS
    • d
    • Instytucja, która zmodyfikowała rekord (P)
    • Ł U/MSs
942 -Rodzaj dokumentu [ , ]
    • c
    • Rodzaj dokumentu
    • Książka
100 -Hasło główne - nazwa osobowa [1, ]
    • a
    • Nazwa osobowa (NP)
    • Grzywacz, Waldemar
    • d
    • Daty biograficzne (NP)
    • (1932-2020).
    • 9
    • KHW
    • 47027
245 -Strefa tytułu i oznaczenia odpowiedzialności [1,0]
    • a
    • Tytuł
    • Polityka gospodarcza : Find
    • b
    • Ciąg dalszy tytułu (NP)
    • istota i założenia metodyczne / Find
    • c
    • Pozostałe elementy strefy tytułu i oznaczenia odpowiedzialności (NP)
    • Waldemar Grzywacz ; Uniwersytet Szczeciński.
260 -Strefa adresu wydawniczego [ , ]
    • a
    • Miejsce wydania (P)
    • Szczecin :
    • b
    • Nazwa wydawcy (P)
    • Wydaw. Naukowe Uniwersytetu Szczecińskiego,
    • c
    • Data wydania (P)
    • 1998.
300 -Strefa opisu fizycznego [ , ]
    • a
    • Określenie formy książki i/lub objętość (NP)
    • 324 s. ;
    • c
    • Format (NP)
    • 24 cm.
336 -Typ zawartości [ , ]
    • a
    • Termin opisujący typ zawartości
    • Tekst
    • b
    • Kod określający zawartość
    • txt
    • 2
    • Źródło (terminu i kodu)
    • rdacontent
337 -Typ mediów [ , ]
    • a
    • Tryb odtwarzania
    • Bez urządzenia pośredniczącego
    • b
    • Kod typu mediów
    • n
    • 2
    • Źródło (terminu i kodu)
    • rdamedia
338 -Typ/rodzaj nośnika [ , ]
    • a
    • Hasło opisujące typ nośnika
    • Wolumin
    • b
    • Kod typu nośnika
    • nc
    • 2
    • Źródło (terminu i kodu)
    • rdacarrier
504 -Uwaga dot. bibliogr. załącznikowej [ , ]
    • a
    • Uwaga dot. bibliografii załącznikowej
    • Bibliogr. s. 321.
080 -Uniwersalna Klasyfikacja Dziesiętna [ , ]
    • 2
    • Identyfikator wydania tablic
    • UDC-P058
    • a
    • Symbol klasyfikacji
    • 338.22
    • b
    • Dopowiedzenie
    • Ogólna polityka gospodarcza. Polityka inwestycyjna.
    • x
    • Poddział wspólny
    • (075.8)
    • b
    • Dopowiedzenie
    • (Podręczniki dla szkół wyższych. Skrypty).
650 -Hasło przedmiotowe [ ,7]
    • a
    • Hasło przedmiotowe
    • Polityka gospodarcza.
    • 2
    • Źródło terminu
    • kaba
    • 9
    • KHW
    • 124650
980 -Symbol UKD [ , ]
    • a
    • UKD
    • 338.22(075.8)
710 -Hasło dodatkowe - nazwa ciała zbiorowego [2, ]
    • a
    • Nazwa ciała zbiorowego lub nazwa geograficzna jako pierwszy element (NP)
    • Uniwersytet Szczeciński.
    • b
    • Nazwa jednostki podrzędnej (P)
    • Wydawnictwo Naukowe.
    • 4
    • Kod relacji
    • pbl
    • 9
    • KHW
    • 51208
920 -ISBN [ , ]
    • a
    • ISBN
    • 83-87341-55-X Find
Sygnatura Numer inwentarzowy Status udost. Data inwentaryzacji Lokalizacja
 E.66034-21999-05-19BE
 S.8370821999-05-19BE
 S.8370921999-05-19BE
 S.8371021999-05-19BE
 S.8371121999-05-19BE
 S.8371221999-05-19BE
 S.8371321999-05-19BE
 S.8371421999-05-19BE
 S.8371521999-05-19BE
 S.8371621999-05-19BE
 S.8371721999-05-19BE
 S.8371821999-05-19BE
 S.8371921999-05-19BE
 S.83720-31999-05-19BE
 S.83721-61999-05-19BE
 S.83722-61999-05-19BE
 S.83723-61999-05-19BE
 S.83724-61999-05-19BE
 S.8372521999-05-19BE
 S.8372621999-05-19BE
 S.8372721999-05-19BE
Z.93878Z.9387811999-05-19BG
T.1184T.1184-61999-11-04T
T.1185T.1185-61999-11-04T
T.1186T.1186-61999-11-04T
T.1187T.1187-61999-11-04T
T.1188T.1188-61999-11-04T
T.1189T.1189-61999-11-04T
T.1190T.1190-61999-11-04T
T.1191T.1191-61999-11-04T
T.1192T.1192-61999-11-04T
T.1193T.1193-61999-11-04T
T.1194T.1194-61999-11-04T
T.1195T.1195-61999-11-04T
T.1196T.1196-61999-11-04T
T.1197T.1197-61999-11-04T
T.1198T.1198-61999-11-04T
T.3602T.3602-62000-11-28T
T.3603T.3603-62000-11-28T
T.3604T.3604-62000-11-28T
T.6217T.6217-32002-01-17T
T.6218T.6218-62002-01-17T
T.6219T.6219-62002-01-17T
T.6220T.6220-32002-01-17T
T.6221T.6221-62002-01-17T
T.6222T.6222-32002-01-17T
T.6223T.6223-62002-01-17T
T.6224T.6224-62002-01-17T
T.6225T.6225-62002-01-17T
T.6226T.6226-32002-01-17T
TM.373TM.373-62002-11-07T
TM.374TM.374-62002-11-07T
TM.375TM.375-62002-11-07T
TM.376TM.376-62002-11-07T
TM.1953TM.1953-32003-12-11T
TM.4753TM.4753-32007-08-27T